[Event "POL-chT 2nd League-4 2020"]
[Site "Poronin"]
[Date "2020.09.11"]
[Round "7.12"]
[White "Suchanek, Paulina"]
[Black "Czaplewska, Klara"]
[Result "1/2-1/2"]
[WhiteElo "1555"]
[BlackElo "1875"]
[Annotator "NA RC"]
[PlyCount "33"]
[EventDate "2020.09.05"]
[EventType "team-tourn"]
[EventCountry "POL"]
[SourceTitle "playchess.com"]
[Source "ChessBase"]
[SourceQuality "1"]
[WhiteTeam "SILESIA Raciborz"]
[BlackTeam "Goniec Zarow"]
[TimeControl "40/5400+30:900+30"]

1. d4 Nf6 2. c4 Nc6 3. Nc3 e5 4. e3 Bb4 5. Nf3 exd4 6. exd4 Bxc3+ 7. bxc3 O-O 8. Be2 d6 9. O-O h6 10. Re1 Re8 11. Ba3 b6 12. Qc2 Ne7 13. c5 Bf5 14. Qb3 dxc5 15. dxc5 Be6 16. Qc2 Bd5 17. Rad1 1/2-1/2

[Event "POL-chT 2nd League-4 2020"]
[Site "Poronin"]
[Date "2020.09.11"]
[Round "7.13"]
[White "Miasik, Adrian"]
[Black "Swiech, Przemyslaw"]
[Result "0-1"]
[WhiteElo "1958"]
[BlackElo "2180"]
[Annotator "TA"]
[PlyCount "78"]
[EventDate "2020.09.05"]
[EventType "team-tourn"]
[EventCountry "POL"]
[SourceTitle "playchess.com"]
[Source "ChessBase"]
[SourceQuality "1"]
[WhiteTeam "Rzeszowski Klub Szachowy"]
[BlackTeam "Goniec Staniatki"]
[BlackTeamCountry "POL"]

{[%evp 14,78,52,48,52,48,50,44,52,12,17,15,35,22,41,30,16,0,22,9,49,33,40,20,61,0,7,8,11,0,0,0,0,-32,-48,-35,-54,-88,0,0,10,0,-3,-144,-144,-144,-151,-151,-152,-231,-206,-258,-245,-280,-290,-290,-305,-331,-326,-429,-400,-2912,-2849,-2272,-2258,-29985,-29986]} 1. d4 Nf6 2. c4 c5 3. d5 d6 4. Nc3 g6 5. e4 Bg7 6. f4 O-O 7. Nf3 Bg4 8. Bd3 e6 {E76: King's Indian: Four Pawns Attack: Lines specific to 6 Nf3 move-order.} 9. O-O exd5 10. exd5 {[#]} Nh5 $146 {White is slightly better.} ({Predecessor:} 10... Re8 11. h3 Bf5 12. Bxf5 gxf5 13. Re1 Rxe1+ 14. Qxe1 Na6 15. Be3 Qd7 16. Qd2 Ne4 17. Nxe4 fxe4 {0-1 (39) Fuentes Espuna,J (1948)-Baquedano Coarasa,P (2169) Aragon 2019}) 11. Be3 Re8 12. Qd2 Nd7 13. Rae1 $1 Bxf3 14. Rxf3 f5 15. Bf2 Rxe1+ 16. Qxe1 {And now Qe6+ would win.} Nf8 17. g3 a6 18. h3 Qa5 19. Re3 (19. Qe7 $14) 19... Rb8 20. Be2 {next Bxh5 is good for White.} Nf6 21. Bf3 b5 22. cxb5 axb5 {White should prevent ...b4.} 23. Re7 {Threatening Rxg7+.} b4 24. Nd1 Qd8 25. Ra7 N6d7 (25... Ra8 $17 26. Rxa8 Qxa8 {[%mdl 64] Double Attack}) 26. Qe2 $11 Ra8 27. Rxa8 Qxa8 28. Qe7 (28. Ne3 $11) 28... Qxa2 $17 29. Qxd6 Bxb2 30. Qc6 Bg7 31. d6 {[#]} (31. Bxc5 $17 {is a better defense.} Nxc5 32. Qxc5) 31... Kh8 $1 $19 32. Qb5 Qd2 33. Qc4 Qxd6 34. Ne3 Nb6 35. Qf7 Qe6 36. Qb7 b3 {[%cal Bb4b3,Bb3b2][%mdl 32] [#] Threatens to win with ...b2.} 37. Nc4 (37. Nd1 $142) 37... Qxc4 38. Qxb6 b2 39. Be3 Qb4 {Accuracy: White = 44%, Black = 91%.} 0-1

[Event "POL-chT 2nd League-4 2020"]
[Site "Poronin"]
[Date "2020.09.11"]
[Round "7.14"]
[White "Bednarczyk, Damian"]
[Black "Ciasnocha, Michal"]
[Result "0-1"]
[WhiteElo "2258"]
[BlackElo "1826"]
[Annotator "TA"]
[PlyCount "92"]
[EventDate "2020.09.05"]
[EventType "team-tourn"]
[EventCountry "POL"]
[SourceTitle "playchess.com"]
[Source "ChessBase"]
[SourceQuality "1"]
[WhiteTeam "Goniec Staniatki"]
[BlackTeam "Rzeszowski Klub Szachowy"]

{[%evp 13,92,54,59,59,72,44,43,12,15,9,10,-8,-16,-32,-36,-57,-60,-54,-41,-40,-46,-91,-97,-84,-71,-154,-157,-172,-166,-320,-314,-317,-195,-172,-199,-158,-156,-303,-222,-237,-240,-322,-323,-470,-441,-474,-394,-470,-473,-484,-225,-566,-528,-526,-413,-1247,-1087,-2341,-1136,-5161,-3391,-1384,-932,-910,-907,-912,-910,-870,-873,-1001,-1025,-1102,-1098,-962,-970,-970,-919,-548,-1175,-1162,-1152]} 1. e4 e5 2. Nf3 Nf6 3. Nc3 Nc6 4. g3 d5 5. exd5 Nxd5 6. Bg2 Be6 7. O-O Be7 8. Re1 {C47: Scotch Four Knights and Four Knights with 4 g3.} Bf6 9. Ne4 O-O 10. Nxf6+ {White is slightly better.} Qxf6 ({Much weaker is} 10... gxf6 $6 11. d4 $16) 11. d3 h6 12. h3 {[#]} Rfe8 $146 ({Predecessor:} 12... Rad8 13. a3 Rfe8 14. Bd2 Bf5 15. g4 Bc8 16. g5 Qd6 17. Qe2 Re6 18. Qe4 Rde8 19. gxh6 gxh6 {1-0 (27) Matsenko,A (2327)-Mundet Riera,J (2188) Platja d'Aro 2016}) 13. a4 a5 14. Nd2 Rad8 15. Ne4 Qe7 16. Bd2 b6 (16... f5 $5 17. Nc3 $8 Ndb4 $11) 17. Qh5 Nd4 18. Rac1 f6 19. f4 (19. Qd1 $142) 19... exf4 $17 20. gxf4 Qd7 21. b3 $2 (21. Ng3) 21... Bf7 22. Qd1 Nb4 23. Bxb4 axb4 24. Qd2 c5 25. Ra1 (25. Qf2 $17 {was called for.}) 25... Bd5 {...Bxe4 is the strong threat.} 26. Qf2 Qc6 27. f5 Re5 28. a5 (28. Rf1 {might work better.}) 28... Rxf5 $19 29. Qd2 Re5 30. axb6 Qxb6 31. Kh1 Rde8 (31... Qe6 $142 {Strongly threatening ...f5.} 32. Rab1 f5) 32. Rg1 $2 (32. Nxf6+ Qxf6 33. Bxd5+ Kh8 34. Rxe5 Qxe5 35. Qg2) 32... f5 33. Ng3 Qc6 34. Raf1 (34. Bxd5+ $142 Qxd5+ 35. Qg2 Qxg2+ 36. Rxg2) 34... Ne2 {Black is clearly winning.} 35. Nh5 Nxg1 (35... Bxg2+ $142 36. Rxg2 Re3) 36. Rxg1 Re2 {[%cal Rd5g2] [#] ( -> ...Bxg2+)} 37. Nf6+ Qxf6 38. Bxd5+ Kh8 39. Qf4 Qe5 40. Qxe5 R8xe5 {[%mdl 4096] Endgame KRR-KRB} 41. Bc4 R5e3 {[%cal Re3h3] [#]} 42. Ra1 Rxc2 43. h4 Rh3+ 44. Kg1 Rxh4 45. Ra8+ Kh7 46. Be6 Kg6 {Accuracy: White = 41%, Black = 66%.} 0-1

[Event "POL-chT 2nd League-4 2020"]
[Site "Poronin"]
[Date "2020.09.11"]
[Round "7.15"]
[White "Ziemniak, Piotr"]
[Black "Mirski, Michal"]
[Result "0-1"]
[WhiteElo "1741"]
[BlackElo "2032"]
[Annotator "TA"]
[PlyCount "126"]
[EventDate "2020.09.05"]
[EventType "team-tourn"]
[EventCountry "POL"]
[SourceTitle "playchess.com"]
[Source "ChessBase"]
[SourceQuality "1"]
[WhiteTeam "Rzeszowski Klub Szachowy"]
[BlackTeam "Goniec Staniatki"]

{[%evp 25,126,0,0,-14,-15,-19,-12,-148,-145,-160,-162,-162,-168,-156,-154,-212,-212,-177,55,69,67,-188,-189,-244,-238,-567,-278,-293,-283,-378,-317,-341,-289,-321,-254,-243,-249,-318,-327,-329,-337,-328,-310,-373,-370,-354,-358,-341,-331,-360,-347,-477,-473,-433,-436,-574,-551,-527,-518,-544,-388,-421,-421,-444,-444,-653,-653,-643,-638,-656,-654,-657,-628,-2118,-2867,-4917,-4133,-6079,-6079,-6046,-6009,-5393,-5310,-5285,-1331,-1274,-1209,-448,-1087,-843,-834,-1077,-667,-312,-134,-2423,-1376,-29985,-29986,-29986,-29987,-29987,-29988]} 1. e4 c5 2. Nf3 Nc6 3. d4 cxd4 4. Nxd4 Nf6 5. Nc3 d6 6. Bc4 Qb6 7. Nb3 e6 8. Be3 Qc7 9. O-O a6 10. Be2 b5 11. a3 Be7 12. f4 Bb7 13. Qe1 O-O 14. Qg3 {B49: Sicilian: Taimanov: 5 Nc3 Qc7 6 Be3 a6 7 Be2.} b4 15. axb4 Nxb4 16. f5 (16. Bd3 $11) 16... Nxc2 $17 17. Bh6 {[%csl Gh6][%cal Rg3g7] [#]} Ne8 $146 ({Predecessor:} 17... g6 18. Bxf8 Rxf8 19. Rac1 Qb6+ 20. Qf2 Qxb3 21. Bd1 Qxb2 22. Rxc2 Qb4 23. Bf3 Bxe4 24. Rb1 Qc4 25. Nxe4 {1-0 (51) Bulatovic,N (2073)-Markovic,M (1976) Obrenovac 2008}) 18. Rac1 Qb6+ {[%mdl 64] [#] Double Attack} 19. Kh1 {next Nd2 is good for White.} Qxb3 20. f6 (20. Bd1 $17 Bxe4 21. Nxe4 Qxg3 22. Nxg3) 20... Bxf6 $19 21. Rxf6 {White wants to play Bd1.} Qxb2 $2 (21... Bxe4 $19 {Strongly threatening ...Bg6.} 22. Bxg7 Nxg7 23. Nxe4 Qxg3 24. Nxg3 Nd4) 22. Rb1 $14 Qa3 $1 {[#] White must now prevent ...Nd4.} 23. Rxb7 $4 {[%mdl 8192]} (23. Rf3 $1 $14 {was the only good move.}) 23... Rc8 $19 24. Rf3 (24. Rf1 {was worth a try.} Qxc3 25. Bg5) 24... Rxc3 $1 25. h3 $2 (25. Bd2 Qa1+ 26. Rf1 Qxf1+ 27. Bxf1 Rxg3 28. hxg3) 25... Rxf3 (25... Qa1+ $142 26. Kh2 Nd4 {[%mdl 64] Double Attack}) 26. Bxf3 Nd4 27. Rb8 Qa1+ 28. Kh2 Nxf3+ 29. gxf3 f5 30. exf5 exf5 31. Bf4 Nf6 32. Rxf8+ Kxf8 33. Bxd6+ Kf7 34. Be5 Qa2+ 35. Kg1 Qb1+ 36. Kf2 Qc2+ 37. Kg1 Qd1+ 38. Kh2 Qe2+ 39. Kg1 Nh5 40. Qh2 Qxf3 41. Qa2+ Ke7 {Hoping for ...Qe3+.} 42. Qa5 Qc6 43. Qd2 Nf6 44. Qe3 Kf7 45. Qf4 (45. Qf2 $142 Qe6 46. Bc3) 45... Qe4 46. Qg3 a5 {[%cal Ba6a5,Ba5a4][%mdl 32]} 47. Qb3+ Qd5 48. Qc3 a4 49. Bxf6 gxf6 {[%mdl 4096] Endgame KQ-KQ} 50. Qc7+ Kg6 51. Qg3+ Kh5 52. Qg7 Qd4+ 53. Kg2 h6 54. Qg8 a3 55. Qe8+ Kg5 56. Qg8+ Kf4 (56... Kh5 $2 57. Qe8+ Kg5 58. Qg8+ Kf4 59. Qg3+ Ke4 60. Qf3+ Ke5 61. Qxa3 $19) 57. Qg3+ Ke4 58. Qf3+ Ke5 59. Qxa3 Qd2+ (59... h5 $19 {and Black stays clearly on top. And now ...f4 would win.} 60. Kf3 f4) 60. Kg1 $2 {[%mdl 8192] This costs White the game.} (60. Kf3 $17) 60... Ke4 {( -> ...Qe3+)} 61. Kf1 Qd3+ {Black mates.} 62. Qxd3+ Kxd3 63. Kf2 Ke4 {Accuracy: White = 38%, Black = 69%.} 0-1

[Event "POL-chT 2nd League-4 2020"]
[Site "Poronin"]
[Date "2020.09.11"]
[Round "7.16"]
[White "Rainer, Piotr"]
[Black "Babiarz, Arkadiusz"]
[Result "0-1"]
[WhiteElo "1641"]
[BlackElo "1872"]
[Annotator "NA RC"]
[PlyCount "54"]
[EventDate "2020.09.05"]
[EventType "team-tourn"]
[EventCountry "POL"]
[SourceTitle "playchess.com"]
[Source "ChessBase"]
[SourceQuality "1"]
[WhiteTeam "Goniec Staniatki"]
[BlackTeam "Rzeszowski Klub Szachowy"]
[TimeControl "40/5400+30:900+30"]

1. e4 {[%emt 0:00:22]} c5 {[%emt 0:00:00]} 2. Nf3 {[%emt 0:00:35]} e6 {[%emt 0:00:00]} 3. d4 {[%emt 0:00:47]} cxd4 {[%emt 0:00:00]} 4. Nxd4 {[%emt 0:00:06]} a6 {[%emt 0:00:00]} 5. Nc3 {[%emt 0:01:24]} Qc7 {[%emt 0:00:14]} 6. a3 {[%emt 0:02:04]} Nf6 {[%emt 0:00:21]} 7. Be2 {[%emt 0:03:14]} b5 {[%emt 0:00:48]} 8. Bg5 {[%emt 0:10:17]} Be7 {[%emt 0:02:46]} 9. O-O {[%emt 0:01:23]} Bb7 {[%emt 0:02:32]} 10. Bf3 {[%emt 0:02:31]} Ng4 {[%emt 0:00:59]} 11. Bxg4 {[%emt 0:05:36]} Bxg5 {[%emt 0:00:39]} 12. Ndxb5 {[%emt 0:17:30]} axb5 {[%emt 0:00:10]} 13. Nxb5 {[%emt 0:00:05]} Qb6 {[%emt 0:03:07]} 14. Nd6+ {[%emt 0:00:47]} Kf8 {[%emt 0:00:33]} 15. Nxb7 {[%emt 0:03:48]} Qxb7 {[%emt 0:00:06]} 16. f4 {[%emt 0:02:14]} Be7 {[%emt 0:02:02]} 17. f5 {[%emt 0:05:49]} h5 {[%emt 0:10:07]} 18. fxe6 {[%emt 0:05:32]} hxg4 {[%emt 0:14:13]} 19. Rxf7+ {[%emt 0:01:32]} Ke8 {[%emt 0:01:02]} 20. Qd4 {[%emt 0:07:00]} dxe6 {[%emt 0:04:07]} 21. Rxg7 {[%emt 0:07:44]} Bc5 {[%emt 0:01:03]} 22. Qxc5 {[%emt 0:00:26]} Qxg7 {[%emt 0:00:10]} 23. Qc8+ {[%emt 0:02:00]} Ke7 {[%emt 0:00:33]} 24. Qb7+ {[%emt 0:01:17]} Nd7 {[%emt 0:00:06]} 25. Rd1 {[%emt 0:00:10]} Rad8 {[%emt 0:00:46]} 26. a4 {[%emt 0:01:30]} Qe5 {[%emt 0:00:18]} 27. Qb4+ {[%emt 0:00:53]} Qc5+ {[%emt 0:00:05]} 0-1

[Event "POL-chT 2nd League-4 2020"]
[Site "Poronin"]
[Date "2020.09.11"]
[Round "7.18"]
[White "Siwek, Kinga"]
[Black "Polak, Sylwia"]
[Result "1/2-1/2"]
[WhiteElo "1804"]
[BlackElo "1590"]
[Annotator "NA RC"]
[PlyCount "44"]
[EventDate "2020.09.05"]
[EventType "team-tourn"]
[EventCountry "POL"]
[SourceTitle "playchess.com"]
[Source "ChessBase"]
[SourceQuality "1"]
[WhiteTeam "Goniec Staniatki"]
[BlackTeam "Rzeszowski Klub Szachowy"]
[TimeControl "40/5400+30:900+30"]

1. e4 {[%emt 0:00:00]} c5 {[%emt 0:00:00]} 2. Nf3 {[%emt 0:00:30]} e6 {[%emt 0:00:30]} 3. d4 {[%emt 0:00:05]} cxd4 {[%emt 0:00:07]} 4. Nxd4 {[%emt 0:00:04]} a6 $14 {[%emt 0:00:08]} 5. Bd3 {[%emt 0:00:11]} Qc7 {[%emt 0:00:09]} 6. Nc3 {[%emt 0:00:00]} Nf6 {[%emt 0:00:00]} 7. O-O {[%emt 0:00:44]} d6 {[%emt 0:00:00]} 8. Be3 {[%emt 0:01:01]} b5 {[%emt 0:00:45]} 9. a3 {[%emt 0:01:51]} Bb7 {[%emt 0:00:14]} 10. Qe2 {[%emt 0:01:25]} Nbd7 {[%emt 0:00:13]} 11. f4 {[%emt 0:02:47]} Be7 {[%emt 0:01:21]} 12. Kh1 {[%emt 0:03:26]} Rc8 {[%emt 0:01:16]} 13. Rad1 {[%emt 0:04:19]} Nb6 {[%emt 0:05:20]} 14. Nb3 {[%emt 0:05:20]} Nc4 {[%emt 0:07:24]} 15. Bxc4 {[%emt 0:01:16]} Qxc4 {[%emt 0:00:28]} 16. Qxc4 {[%emt 0:04:14]} bxc4 {[%emt 0:05:00]} 17. Nd2 {[%emt 0:01:10]} Ng4 {[%emt 0:14:59]} 18. Bd4 {[%emt 0:06:31]} e5 {[%emt 0:02:53]} 19. fxe5 {[%emt 0:02:56]} dxe5 {[%emt 0:09:19]} 20. Bg1 {[%emt 0:00:50]} O-O {[%emt 0:05:30]} 21. Nf3 {[%emt 0:01:07]} Bc5 {[%emt 0:04:36]} 22. Bxc5 {[%emt 0:04:02]} Rxc5 1/2-1/2

[Event "POL-chT 2nd League-4 2020"]
[Site "Poronin"]
[Date "2020.09.11"]
[Round "7.19"]
[White "Piekarski, Lukasz"]
[Black "Brozyna, Mateusz"]
[Result "0-1"]
[WhiteElo "1868"]
[BlackElo "2300"]
[Annotator "TA"]
[PlyCount "22"]
[EventDate "2020.09.05"]
[EventType "team-tourn"]
[EventCountry "POL"]
[SourceTitle "playchess.com"]
[Source "ChessBase"]
[SourceQuality "1"]
[WhiteTeam "Ustrzyki Dolne"]
[BlackTeam "MLKS Myslenice"]

{[%evp 9,22,0,20,-81,-89,-80,-81,-110,-106,-122,-115,-142,-126,-278,-278]} 1. e4 e5 2. Nf3 Nc6 3. d4 exd4 4. Bc4 Nf6 5. e5 Ng4 6. Bf4 {[#] C56: Two Knights: 4 d4 exd4 5 0-0 Nxe4.} (6. O-O $11 {keeps the balance.}) 6... d6 $1 $17 {[%cal Rd6e5]} 7. exd6 Bxd6 8. Bxd6 Qxd6 9. O-O O-O {[#]} 10. c3 $146 {[%cal Rc3d4]} ({Predecessor:} 10. Nbd2 Nce5 11. h3 Nf6 12. Bb3 c5 13. Nxe5 Qxe5 14. Nf3 Qc7 15. Qd3 a6 16. a4 {0-1 (29) Situru,N (2290)-Barus,C (2396) Jakarta 2013}) 10... Nce5 {[#] ( -> ...Nxf3+)} 11. Nxe5 $2 (11. Nbd2 $17 {was the only chance.}) 11... Qxe5 {Black took control after the opening.} 0-1

[Event "POL-chT 2nd League-4 2020"]
[Site "Poronin"]
[Date "2020.09.11"]
[Round "7.20"]
[White "Kudas, Damian"]
[Black "Mrozowski, Patryk"]
[Result "1/2-1/2"]
[WhiteElo "2132"]
[BlackElo "2062"]
[Annotator "TA"]
[PlyCount "18"]
[EventDate "2020.09.05"]
[EventType "team-tourn"]
[EventCountry "POL"]
[SourceTitle "playchess.com"]
[Source "ChessBase"]
[SourceQuality "1"]
[WhiteTeam "MLKS Myslenice"]
[BlackTeam "Ustrzyki Dolne"]

{[%evp 9,18,19,18,19,18,13,9,14,42,18,20]} 1. d4 Nf6 2. Bg5 d5 3. Nf3 Ne4 4. Bf4 c6 5. Nbd2 Nxd2 6. Qxd2 {D03: 1 d4 d5 2 Nf3 Nf6 3 Bg5, including Torre Attack with early ...d5.} Bf5 7. e3 e6 8. Bd3 {[#]} Bg6 $146 ({Predecessor:} 8... Bxd3 9. Qxd3 Bd6 10. O-O-O O-O 11. h4 Bxf4 12. exf4 Nd7 13. g4 c5 14. dxc5 Nxc5 {0-1 (43) Shimanov,A (2593)-Seo,J (2455) chess.com INT 2020}) 9. h4 Bd6 {An uneventful encounter.} 1/2-1/2

[Event "POL-chT 2nd League-4 2020"]
[Site "Poronin"]
[Date "2020.09.11"]
[Round "7.21"]
[White "Pasionek, Ariel"]
[Black "Lach, Piotr"]
[Result "1/2-1/2"]
[WhiteElo "1894"]
[BlackElo "2079"]
[Annotator "TA"]
[PlyCount "44"]
[EventDate "2020.09.05"]
[EventType "team-tourn"]
[EventCountry "POL"]
[SourceTitle "playchess.com"]
[Source "ChessBase"]
[SourceQuality "1"]
[WhiteTeam "Ustrzyki Dolne"]
[BlackTeam "MLKS Myslenice"]

{[%evp 9,44,-7,12,-8,0,-12,-6,-5,0,-1,68,59,56,20,31,29,23,26,28,23,61,64,93,79,76,108,104,71,73,72,103,92,108,81,80,57,39]} 1. e4 c5 2. b3 Nc6 3. Bb2 d6 4. Bb5 Bd7 5. Ne2 e6 6. O-O {B20: Sicilian: Unusual White 2nd moves.} Nf6 7. d3 Be7 8. Nd2 {The position is equal.} O-O 9. Ng3 {[#]} e5 $146 (9... a6 $11 10. Bxc6 Bxc6) ({Predecessor:} 9... a6 10. Bxc6 Bxc6 11. f4 b5 12. Qe2 a5 13. e5 dxe5 14. fxe5 Nd5 15. Nde4 a4 {1-0 (55) Vukovic,Z (2475)-Apicella,M (2509) Bucharest 2000}) 10. Bxc6 $14 bxc6 11. h3 Ne8 12. f4 exf4 13. Rxf4 Bg5 14. Rf1 d5 15. Nf3 Bf4 16. Nh5 Be3+ 17. Kh1 d4 18. Bc1 Bxc1 19. Qxc1 Qe7 20. Qf4 f6 21. Rae1 g6 22. Ng3 Ng7 {Accuracy: White = 77%, Black = 70%.} 1/2-1/2

[Event "POL-chT 2nd League-4 2020"]
[Site "Poronin"]
[Date "2020.09.11"]
[Round "7.22"]
[White "Watorek, Marcin"]
[Black "Wojciechowski, Beniamin"]
[Result "1-0"]
[WhiteElo "2100"]
[BlackElo "1814"]
[Annotator "TA"]
[PlyCount "63"]
[EventDate "2020.09.05"]
[EventType "team-tourn"]
[EventCountry "POL"]
[SourceTitle "playchess.com"]
[Source "ChessBase"]
[SourceQuality "1"]
[WhiteTeam "MLKS Myslenice"]
[BlackTeam "Ustrzyki Dolne"]

{[%evp 14,63,65,30,63,67,81,16,15,10,15,12,6,6,10,20,15,3,4,0,50,42,75,75,78,71,96,91,93,-89,96,95,114,110,132,80,158,137,254,261,733,723,1185,535,490,522,460,338,764,749,720,629]} 1. d4 d5 2. c4 c6 3. Nf3 Nf6 4. Qc2 e6 5. Bg5 Qa5+ 6. Nbd2 Nbd7 7. e3 Ne4 8. Bf4 f5 {D30: Queen's Gambit Declined: Systems without Nc3.} 9. Bd3 Be7 10. Bxe4 (10. O-O $16) 10... fxe4 $11 {The position is equal.} 11. Ne5 O-O 12. O-O Nxe5 13. Bxe5 Bd7 14. c5 b6 {[%cal Rb6c5]} 15. Nb3 Qa4 16. Rfc1 b5 17. Qe2 Rf7 18. Nd2 Raf8 19. f3 exf3 20. Nxf3 Rf5 21. e4 $2 (21. Qd2 $16 {keeps the pressure on.}) 21... R5f7 $2 (21... Rxe5 $1 $17 {stays on course.} 22. dxe5 dxe4) 22. Rc3 $16 b4 23. Re3 Bc8 24. b3 (24. exd5 $142 cxd5 25. Bg3) 24... Qa5 (24... Qa6 $142) 25. exd5 exd5 {[#]} (25... cxd5 $16 26. Bg3 Bf6) 26. Bxg7 $1 $18 {[%mdl 576] Discovered Attack} Kxg7 $2 (26... Rxg7 27. Rxe7 Qd8) 27. Rxe7 {Threatens to win with Ng5.} h6 28. Rxf7+ (28. Qe5+ $142 Kh7 29. Re1 Rxe7 30. Qxe7+ {[%mdl 64] Double Attack} Kg8 {[#]} 31. Ng5 $1 {[%mdl 512]} hxg5 32. Qxg5+ Kh8 33. Re7) 28... Rxf7 29. Ne5 Rf6 30. Rf1 Rxf1+ $2 (30... Qd8 31. Rf3 Rxf3) 31. Qxf1 {Threatening mate with Qf7+.} Qc7 32. Qf2 {Accuracy: White = 62%, Black = 39%.} 1-0

[Event "POL-chT 2nd League-4 2020"]
[Site "Poronin"]
[Date "2020.09.11"]
[Round "7.23"]
[White "Palacki, Rafal"]
[Black "Chrzaszcz, Malvina"]
[Result "0-1"]
[WhiteElo "1806"]
[BlackElo "2047"]
[Annotator "TA"]
[PlyCount "52"]
[EventDate "2020.09.05"]
[EventType "team-tourn"]
[EventCountry "POL"]
[SourceTitle "playchess.com"]
[Source "ChessBase"]
[SourceQuality "1"]
[WhiteTeam "Ustrzyki Dolne"]
[BlackTeam "MLKS Myslenice"]
[BlackTeamCountry "POL"]

{[%evp 10,52,26,31,52,37,43,31,39,34,66,0,0,-140,-133,-130,-115,-183,-65,-85,-109,-100,-68,-75,-6,-129,-109,-204,18,-286,-293,-286,-269,-270,-214,-804,-788,-29989,-695,-29990,-29991,-29994,-29995,-29995,-29996]} 1. e4 c5 2. Nf3 d6 3. d4 cxd4 4. Nxd4 Nf6 5. f3 a6 6. c4 e5 {B55: Sicilian: 2...d6 3 d4 cxd4 4 Nxd4 Nf6 5 f3.} 7. Nb3 Be6 8. Be3 Nbd7 {[%cal Bb8d7,Bd7b6,Bb6c4][%mdl 32] White is slightly better.} 9. Nc3 Rc8 10. g4 {[#]} ({White should play} 10. Nd5 $14) 10... Nb6 $146 ({Predecessor:} 10... h6 11. Qd2 Nb6 12. Na5 Nxc4 13. Nxc4 Bxc4 14. Bxc4 Rxc4 15. O-O-O Be7 16. Kb1 Rc6 {½-½ (26) Finn,P (1820)-Mihalik,A (2220) London 2018}) 11. Nd5 (11. Na5 $11) 11... Nxc4 $17 12. Bxc4 Rxc4 13. Bb6 (13. Qd3 $17 Bxd5 14. exd5) 13... Qc8 ({Better is} 13... Qd7 $19 14. Nc3 h6) 14. Na5 $1 $15 {[%cal Ra5c4]} Bxd5 15. exd5 Rc2 16. O-O {Threatening Rf2.} h5 (16... Rxb2 17. Rc1 $11) (16... Be7 $1 $17 {White must now prevent ...h5.} 17. Rf2 Rxf2 18. Bxf2 O-O) 17. g5 (17. Rf2 $1 $11 Rxf2 18. Rc1) 17... Qf5 $1 $17 {[%cal Rf5g5]} ({Not} 17... Rxb2 18. Rc1 $14) 18. Be3 {[#]} (18. Kh1 $17 Nd7 19. Rf2 Rxf2 20. Bxf2) 18... h4 $2 ({Don't take} 18... Rxb2 19. Rc1 $17) (18... Be7 $1 $19 {Strongly threatening ...Nh7.} 19. Rc1 Rxc1 20. Bxc1 Nh7) 19. Kh1 $2 {[%mdl 8192] [#] Now White is beyond hope.} (19. Nxb7 $11 {and White has nothing to worry.} Rxb2 20. Na5) 19... Nh5 $1 $19 {[%cal Rh5g3] aiming for ...Ng3+!} 20. Rf2 Rxf2 21. Bxf2 Nf4 $40 {[%mdl 128] ...Qh3! is the strong threat. Black is out for blood.} ({Don't do} 21... Qxg5 22. Nxb7 Ng3+ 23. Kg1 $19) 22. Qb3 $2 (22. Be3 Be7 23. Qa4+ Qd7 24. Qb3) 22... Nd3 {[%mdl 64] Discovered Attack} 23. Bb6 Qxf3+ 24. Kg1 {intending Qa4+.} Rh5 {[%cal Rh5g5] Black mates.} 25. Bd8 Kxd8 {[%cal Rh5g5]} 26. Qb6+ {[#]} Ke8 $1 {Accuracy: White = 36%, Black = 67%.} 0-1